00725nam a2200169 a 4500008004100000050001600041245008100057260003800138300001000176350000900186650001400195650003400209650004500243995011900288999001700407952013100424061106s1975 ||||||||||||||||| || u aHD 5796 Pla00aPlanning of manpower in the Soviet UnioncShcerbovich-Vechor, S (translator) aMoscowbProgress Publishersc1975 a147p. a0.00 0aECONOMICS aMANPOWER POLICY--SOVIET UNION aSOVIET UNION--ECONOMIC POLICY--1971-1975 D0.00FCBU-MAIN LIBRARY (Kitwe)H1I0.00M1UWEEDEDVJul 26, 2017WNov 6, 2006ZMain Library Open Access Collection c53716d53716 00102lcc4070a001b001cMain Library Open Access Collectiond2022-11-30l0oHD 5796 Plap52642r2022-11-30w2022-11-30y002